000 00668nam a2200229 a 4500
001 59471
003 BD-RjUL
005 20211209080733.0
008 161227s1953 ii 001 0 eng
035 _a(BD-RjUL)59595
040 _aDLC
_cCarP
_dBD-RjUL
_beng
041 _aeng
082 _223
_a347.54075
_bSOA 1953
100 1 _aSoonavala, R. K.
_q(Rustom Kavasha)
_9176895
245 1 0 _aAdvocacy :
_bits principles and practice /
_cSoonavala, R. K.
260 _aBombay :
_bN. M. Tripathi,
_cc1953
300 _a957 p. ;
_c26 cm.
500 _aIncludes index.
650 0 _aTrial practice
_zIndia.
_9176896
650 0 _aLawyers
_zIndia.
_9176897
942 _2ddc
_cBK
999 _c59471
_d59471